| 000 | 01760nam0a22002891 4500 | ||
|---|---|---|---|
| 001 | v19\rc\1652218 | ||
| 005 | 20260406194959.0 | ||
| 035 | _a(NLR Aleph) 004763319 | ||
| 090 |
_a4593569 _c4593569 |
||
| 100 | _a20061002d1876 |||y0rusy50 ca | ||
| 101 | 0 |
_arus _aeng _ager |
|
| 102 | _aRU | ||
| 105 | _ay z ||||| | ||
| 200 | 1 |
_aПо вопросу о том, с какого времени начинается и когда кончается тот период времени, в течении которого все действия, обязательные для купечества, производящего при С.-Петербургской бирже продажу и отпуск за границу хлебных и зерновых товаров, или для обязавшегося с ним иностранного купечества по продаже или отправке упомянутых товаров за границу, на условии отправки их при или по открытии навигации, должны быть окончены. Март 1876 г. _fС.-Петерб. бирж. ком. |
|
| 210 |
_aСанкт-Петербург _d1876 |
||
| 215 |
_a4, 3, 3 с. _d24 |
||
| 300 | _aТекст на рус., англ. и нем. яз. | ||
| 309 | _aБез тит. л. | ||
| 710 | 0 | 2 |
_aСанкт-Петербургская биржа _bБиржевой комитет _3RU\NLR\AUTH\889958191 _9412473 |
| 712 | 0 | 2 |
_aСанкт-Петербургская биржа _3RU\NLR\AUTH\889958185 _9412462 |
| 801 | 0 |
_aRU _bNLR _gpsbo |
|
| 801 | 0 |
_aRU _bRuMoRGB _2psbo |
|
| 801 | 1 |
_aRU _bProSoft-M _2rusmarc |
|
| 852 |
_aNLR _j18.99.7.207 |
||
| 899 |
_aRuMoRGB _jA 171/232 |
||
| 942 | _cBOOK | ||
| 980 | _aNB | ||